000 00682nam a2200241Ia 4500
005 20260121112547.0
008 6976 260114s9999 xx 000 0 eng d
020 _a9789812838025
037 _aEBOOK
040 _aCRL
_beng
_cCRL
041 _aeng
_2eng
084 _qCRL
100 _aJena Puru Et Al
_9959575
245 0 _aMaterials Issues in a Hydrogen Economy - Proceedings of the International Symposium
260 _bWorld Scientific
260 _bWSPC
260 _c2009
650 _aMaterials Science
_9959576
856 _uhttps://www.worldscientific.com/worldscibooks/10.1142/7155#t=toc
942 _cEBOOK
999 _c1544276
_d1544276